|
|
|
|
| LEADER |
00000cam a2200000 7i4500 |
| 001 |
0000008244 |
| 002 |
000008990 |
| 005 |
20020121.0 |
| 020 |
|
|
|a 9836200983
|
| 090 |
0 |
0 |
|a 030
|b JEN
|
| 245 |
0 |
0 |
|a Jentera badan kita
|
| 260 |
|
|
|a Kuala Lumpur :
|b DBP ,
|c 1994
|
| 300 |
|
|
|a p.v. :
|b ill. ;
|c 28 cm.
|
| 650 |
0 |
0 |
|a Human body
|x Juvenile literature
|
| 999 |
|
|
|a 052732
|b BUKU
|c JUNIOR BOOKS
|e PERPUSTAKAAN KOMUNITI CAW KOTA DAMANSARA
|
| 999 |
|
|
|a 052733
|b BUKU
|c PINJAMAN
|e PERPUSTAKAAN KOMUNITI PETALING JAYA
|
| 999 |
|
|
|a 052734
|b BUKU
|c PINJAMAN
|e PERPUSTAKAAN KOMUNITI PETALING JAYA
|
| 999 |
|
|
|a 054825
|b BUKU
|c JUNIOR BOOKS
|e PERPUSTAKAAN KOMUNITI CAW KOTA DAMANSARA
|
| 999 |
|
|
|a 054826
|b BUKU
|c JUNIOR BOOKS
|e PERPUSTAKAAN KOMUNITI CAW KOTA DAMANSARA
|